00832nam a22002297a 450000500170000001000150001702000260003203500140005803700130007208200110008510000230009624500490011925000060016826000570017427001050023130000260033649000100036250000390037294200250041199900190043695201470045520240215130021.0 aENG-139248 a9789356062443c599.00 aEN-122780 bDBAD/PUB a53026 aAbhay Kumar962135 aObjective Physics NEET 2023/cBy Abhay Kumar a6 aUttar PradeshbPearson India Education Pvt Ltdc2022 bUttar Pradesha15th FLoor, Tower-B, World Trade Tower, Plot No.1, Block- C, Sector-16, Noidae201301 avpp.c25cm(pb)bIndex vVOL 2 aAs Per the Latest NTA Notification 2ddccENh530mABHe6 c200787d200787 00103VOL 240708NFICaBL1bBL1d2024-02-15eDBADg599.00l2o530 ABHpEN-122780r2026-05-29 12:33:05s2026-05-15t1v599.00w2024-02-15yEN